| 000 | 00704nam a22002177a 4500 | ||
|---|---|---|---|
| 999 |
_c5102 _d5102 |
||
| 003 | AR-CdUCM | ||
| 008 | 190312b ||||| |||| 00| 0 spa d | ||
| 040 |
_aMUNICIPALIDAD PROVINCIAL DEL CUSCO _cBIBLIOTECA MUNICIPAL DEL CUSCO |
||
| 082 |
_a874.3 / _bA59 |
||
| 100 |
_aGutierrez Lope, Juan Antolin y _915525 |
||
| 245 | _aLos versos aureos de pitágoras / | ||
| 260 |
_aMontevideo : _bPublicaciones minerva, _c1965. |
||
| 300 |
_a15 paginas ; _c16 cm. |
||
| 500 | _aDonación familia Nieto. | ||
| 505 | _aContenido :Los versos aureos de pitagoras. | ||
| 650 |
_aLiteratura uruguaya _915526 |
||
| 650 |
_aVersos y prosa _915527 |
||
| 650 |
_aHistorietas _910786 |
||
| 942 |
_2ddc _cLIBROS |
||
| 945 | _arum | ||